| 000 | 00534aam a2200205 4500 | ||
|---|---|---|---|
| 005 | 20170214094320.0 | ||
| 008 | 150804b xxu||||| |||| 00| 0 spa d | ||
| 041 | _aeng | ||
| 082 | _a398.2 C431t | ||
| 100 |
_aChacón Trejos, Gonzalo _938360 |
||
| 245 | _aTradiciones costarricenses | ||
| 260 | _aCosta Rica | ||
| 260 | _bEditorial Costa Rica | ||
| 260 | _c2010 | ||
| 300 | _a180 páginas | ||
| 650 |
_aCOSTA RICA _939896 |
||
| 650 |
_aFOLCLOR COSTARRICENSE _97437 |
||
| 650 |
_aTRADICIONES COSTARRICENSES _912983 |
||
| 942 | _cBK | ||
| 999 |
_c7092 _d7092 |
||